Marvel Villains Starting with G (by picture) - Statistics

General Stats
  • This quiz has been taken 101 times
  • The average score is 10 of 21
Answer Stats
Picture Answer % Correct
Green Goblin
100%
Galactus
92%
Gambit
89%
Grizzly
66%
Grim Reaper
65%
Ghost
59%
Grey Gargoyle
59%
Gladiator (Kallark)
57%
Gladiator (Melvin Potter)
57%
Grandmaster
55%
Gremlin
49%
Graviton
46%
Griffin
43%
Goliath
39%
Giganto
38%
Gibbon
34%
Gemini
23%
Garokk
15%
Goom
14%
Goldbug
12%
Guardsman
12%
No matching quizzes found
Score Distribution
Percent of People with Each Score
Percentile by Number Answered
Your Score History
You have not taken this quiz